Statistics for First Names as Last Names Quiz #2

Click here to take the quiz!

General Stats

  • This quiz has been taken 22,498 times
    (22,492 since last reset)
  • The average score is 13 of 24

Answer Stats

Full Name % Correct
AgathaChristieAgatha Christie
88%
BenFranklinBen Franklin
83%
KatyPerryKaty Perry
79%
CaryGrantCary Grant
67%
DianaRossDiana Ross
67%
GraceKellyGrace Kelly
66%
DanielCraigDaniel Craig
63%
LorettaLynnLoretta Lynn
61%
CliveOwenClive Owen
61%
MichaelDouglasMichael Douglas
61%
JamesJoyceJames Joyce
57%
RonHowardRon Howard
55%
PeterGabrielPeter Gabriel
52%
RalphLaurenRalph Lauren
49%
RayCharlesRay Charles
49%
LesPaulLes Paul
48%
SpencerTracySpencer Tracy
46%
TonyCurtisTony Curtis
46%
JohnGlennJohn Glenn
45%
DylanThomasDylan Thomas
41%
JamieOliverJamie Oliver
40%
LennyBruceLenny Bruce
36%
MartinLawrenceMartin Lawrence
36%
NancyTravisNancy Travis
33%

Score Distribution

Percentile by Number Answered

Percent of People with Each Score

Your Score History

You have not taken this quiz since the last reset